The roots of Indian art : (Record no. 137088)

MARC details
000 -LEADER
fixed length control field 00719nam a2200205 4500
010 ## - LIBRARY OF CONGRESS CONTROL NUMBER
LC control number A-091583
035 ## - SYSTEM CONTROL NUMBER
System control number A-091583
037 ## - SOURCE OF ACQUISITION
Source of stock number/acquisition Cen Lib / Ret
040 ## - CATALOGING SOURCE
Original cataloging agency DPL
Language of cataloging EN
082 ## - DEWEY DECIMAL CLASSIFICATION NUMBER
Classification number 707.54
Item number GUP
100 ## - MAIN ENTRY--PERSONAL NAME
Personal name Gupta, S. P.
245 ## - TITLE STATEMENT
Title The roots of Indian art :
Remainder of title a detailed study of the formative period of Indian art and architecture, third and second centuries B.C., Mauryan and late Mauryan /
Statement of responsibility, etc by S. P. Gupta
260 ## - PUBLICATION, DISTRIBUTION, ETC. (IMPRINT)
Place of publication, distribution, etc Delhi
Name of publisher, distributor, etc B R. Publishing Corporation
Date of publication, distribution, etc 1980
270 ## - ADDRESS
Address B R. Publishing Corporation
City Delhi
300 ## - PHYSICAL DESCRIPTION
Extent 378+120p
Dimensions 27cm(Hb)
650 ## - SUBJECT ADDED ENTRY--TOPICAL TERM
Topical term or geographic name as entry element Art, Maurya -- India.
650 ## - SUBJECT ADDED ENTRY--TOPICAL TERM
Topical term or geographic name as entry element Art, Ancient -- India.
650 ## - SUBJECT ADDED ENTRY--TOPICAL TERM
Topical term or geographic name as entry element Art, Ancient.
942 ## - ADDED ENTRY ELEMENTS (KOHA)
Source of classification or shelving scheme Dewey Decimal Classification
Koha item type English Books
Classification part 707.54
Call number suffix GUP
Holdings
Withdrawn status Lost status Damaged status Not for loan Home library Current library Date acquired Source of acquisition Total Checkouts Full call number Barcode Date last seen Copy number Price effective from Koha item type
        Central Library Central Library 16/03/2016 Cen Lib/Ret   707.54 GUP A-091583 16/03/2016 1 16/03/2016 English Books

© Delhi Public Library
Hit Counter
free hit counter